| 000 | 00450nam a2200193Ia 4500 | ||
|---|---|---|---|
| 008 | 210210b1935 xxu||||| |||| 00| 0 eng d | ||
| 041 | _aeng | ||
| 082 | _a381/69 | ||
| 100 | _aHOOPER (W E) | ||
| 245 | _aBook keeping for beginners | ||
| 260 |
_aLondon _bSir Isaac Pitman & Sons Ltd., _c1935 |
||
| 300 | _avii,156 | ||
| 650 | _akeeping | ||
| 650 | _afor | ||
| 650 | _aBook | ||
| 650 | _abeginners | ||
| 690 | _aAccountancy | ||
| 906 | _a005115 | ||
| 999 |
_c124910 _d124910 |
||